Normal view
MARC view
- Ma'am Saadia Irfan.
Entry Personal Name
001 - CONTROL NUMBER
- control field: 18738
003 - CONTROL NUMBER IDENTIFIER
- control field: NUST
005 - DATE AND TIME OF LATEST TRANSACTION
- control field: 20190727163635.0
008 - FIXED-LENGTH DATA ELEMENTS
- fixed length control field: 190727|| aca||aabn | a|a d
040 ## - CATALOGING SOURCE
- Original cataloging agency: NUST
- Transcribing agency: NUST
100 ## - HEADING--PERSONAL NAME
- Personal name: Ma'am Saadia Irfan.
670 ## - SOURCE DATA FOUND
- Source citation: Work cat.: (NUST): Naz, Farah 18737, Determinants of Capital Structure and Their Impact: A Case of Non-Financial Firms Listed on Karachi Stock Exchange (2007 - 2012), 2014.
